Probability theory and mathematical statistics : proceedings of the fifth Japan-USSR symposium, held in Kyoto, japan, July 8-14, 1986
Αποθηκεύτηκε σε:
| Συγγραφή απο Οργανισμό/Αρχή: | |
|---|---|
| Άλλοι συγγραφείς: | , |
| Μορφή: | Πρακτικό Συνεδρίου Βιβλίο |
| Γλώσσα: | English |
| Δημοσίευση: |
Berlin :
Springer-Verlag,
c1988
|
| Σειρά: | Lecture notes in mathematics (Springer-Verlag)
; 1299 |
| Θέματα: | |
| Ετικέτες: |
Προσθήκη ετικέτας
Δεν υπάρχουν, Καταχωρήστε ετικέτα πρώτοι!
|
MARC
| LEADER | 00000cam a2200000 i 4500 | ||
|---|---|---|---|
| 001 | 1/27641 | ||
| 008 | 941103s1988 eng d | ||
| 020 | |a 3-540-18814-2 | ||
| 035 | |a 1993 |l 10037873 | ||
| 040 | |a GR-MY-UA |b gre |e aacr | ||
| 041 | 0 | |a eng | |
| 082 | 0 | |a 519.2 | |
| 245 | 0 | 0 | |a Probability theory and mathematical statistics : |b proceedings of the fifth Japan-USSR symposium, held in Kyoto, japan, July 8-14, 1986 / |c S. Watanabe, Yu.V. Prokhorov (eds.). |
| 260 | |a Berlin : |b Springer-Verlag, |c c1988 | ||
| 300 | |a viii, 587 p.; |c 25 cm. | ||
| 490 | 1 | |a Lecture notes in mathematics (Springer-Verlag) |v ; 1299 | |
| 500 | |a Fifth Japan-USSR Symposium on Probability Theory, Kyoto University, July 8-14, 1986. | ||
| 500 | |a Includes bibliographical references | ||
| 650 | 0 | 0 | |a Probabilities |x Congresses. |
| 650 | 0 | 0 | |a Mathematical statistics |x Congresses. |
| 700 | 1 | |a Watanabe, Shinzo, |d 1935- |e edt | |
| 700 | 1 | |a Prokhorov, IU. V. |q (IUrii Vasilʹevich) |e edt | |
| 711 | 2 | |a Japan-USSR Symposium on Probability Theory |n (5th : |d 1986 : |c Kyoto University) | |
| 830 | 0 | |a Lecture notes in mathematics (Springer-Verlag) |v ; 1299 | |
| 852 | |a INST |b SAMOS |e 19941103 |h 519.2 PRO |p 005300007731 |q 005300007731 |t BK |y 0 | ||
| 909 | |a Σ |b 029166 | ||